| Поле | Инд. | ПП | Название | Значение |
|---|---|---|---|---|
| Тип записи | a | |||
| Библиографический уровень | m | |||
| 001 | Контрольный номер | RU/IS/BASE/115293966 | ||
| 005 | Дата корректировки | 20250627153903.6 | ||
| 008 | Кодируемые данные | 20030827 | ||
| 022 | 0_ | a | ISSN | 0321-1878 |
| 041 | 0_ | a | Код языка текста | rus |
| 084 | a | Индекс другой классификации/Индекс ББК | 84(2=411.2)6; 84(4Гем)6; 84(4Фра)6; 83.3(2=411.2)6; 63.3(2)-7 | |
| 090 | a | Полочн. индекс | 95.2 | |
| 097 | 00 | a | 110 | |
| 245 | 00 | a | Заглавие | Звезда |
| b | Продолж. заглавия | ежемесячный литературно-художественный и общественно-политический независимый журнал | ||
| c | Ответственность | учредитель: АО "Звезда"; соред. А. Ю. Арьев; Я. А. Гордин ; [в авторской редакции] | ||
| n | Номер части/ раздела | №1/1995 | ||
| 260 | 00 | a | Место издания | Санкт-Петербург |
| b | Издательство | Звезда | ||
| c | Дата издания | 1995 | ||
| 300 | a | Объем | 224 с. | |
| 500 | 00 | a | Примечание | Журнал |
| 505 | 0_ | a | Форматированное содержание | "Шведская модель" с русской "особостью". Реформа власти и управления при Петре Великом |
| b | Автор | Анисимов Е. В. | ||
| 505 | 0_ | a | Форматированное содержание | А Стеньки-то и нет! |
| b | Автор | Грязневич В. П. | ||
| 505 | 0_ | a | Форматированное содержание | Библиотеки национально-культурных объединений Петербурга |
| b | Автор | Равинский Д. | ||
| b | Автор | Ялышева В. | ||
| 505 | 0_ | a | Форматированное содержание | Голубой зверь |
| b | Автор | Иванов Вяч. Вс. | ||
| n | Доп. информация | Воспоминания | ||
| 505 | 0_ | a | Форматированное содержание | Душа плюс деньги |
| b | Автор | Згировский А. А. | ||
| n | Доп. информация | Повесть | ||
| 505 | 0_ | a | Форматированное содержание | Из записных книжек (1935-1942) |
| b | Автор | Сент-Экзюпери А. де | ||
| 505 | 0_ | a | Форматированное содержание | Из переписки А. А. Ахматовой и Н. Н. Пунина |
| 505 | 0_ | a | Форматированное содержание | Из писем к Лу |
| b | Автор | Рильке Р. М. | ||
| 505 | 0_ | a | Форматированное содержание | Из рассказов последних лет |
| b | Автор | Довлатов С. Д. | ||
| 505 | 0_ | a | Форматированное содержание | Николай Пунин - адресат и герой лирики Анны Ахматовой |
| b | Автор | Зыков Л. А. | ||
| 505 | 0_ | a | Форматированное содержание | Письмо о правде |
| b | Автор | Нежный А. И. | ||
| 505 | 0_ | a | Форматированное содержание | Призраки позапрошлого |
| b | Автор | Лурье С. А. | ||
| 505 | 0_ | a | Форматированное содержание | Свобода натощак |
| b | Автор | Филатьев В. А. | ||
| 505 | 0_ | a | Форматированное содержание | Станет ли Стенька бухгалтером? |
| b | Автор | Плахов В. Д. | ||
| n | Доп. информация | Заметки о русской культуре | ||
| 505 | 0_ | a | Форматированное содержание | Стихи |
| b | Автор | Бродский И. А. | ||
| 505 | 0_ | a | Форматированное содержание | Стихи |
| b | Автор | Комарова Е. Д. | ||
| 600 | 14 | a | Персоналии | Ахматова Анна Андреевна |
| a | Персоналии | Петр I Великий | ||
| a | Персоналии | Пунин Николай Николаевич | ||
| 650 | 04 | a | Основная рубрика | литературоведение |
| a | Основная рубрика | художественная литература | ||
| 653 | 0_ | a | Ключевые слова | XVII век |
| a | Ключевые слова | XX век | ||
| a | Ключевые слова | библиотеки | ||
| a | Ключевые слова | история | ||
| a | Ключевые слова | культура | ||
| a | Ключевые слова | литературная критика | ||
| a | Ключевые слова | немецкая литература | ||
| a | Ключевые слова | новейшее время | ||
| a | Ключевые слова | новое время | ||
| a | Ключевые слова | Петровские реформы | ||
| a | Ключевые слова | Россия | ||
| a | Ключевые слова | русская культура | ||
| a | Ключевые слова | русская литература | ||
| a | Ключевые слова | Санкт-Петербург | ||
| a | Ключевые слова | французская литература | ||
| a | Ключевые слова | цивилизация | ||
| 700 | 12 | a | Автор | Гордин Я. А. |
| e | Роль лиц | редактор | ||
| 700 | 12 | a | Автор | Арьев А. Ю. |
| e | Роль лиц | редактор | ||
| 700 | 12 | a | Автор | Бродский И. А. |
| q | Полное имя | Бродский Иосиф Александрович | ||
| 700 | 12 | a | Автор | Комарова Е. Д. |
| q | Полное имя | Комарова Елизавета Дмитриевна | ||
| 700 | 12 | a | Автор | Згировский А. А. |
| q | Полное имя | Згировский Александр Александрович | ||
| 700 | 12 | a | Автор | Филатьев В. А. |
| q | Полное имя | Филатьев Вадим Александрович | ||
| 700 | 12 | a | Автор | Довлатов С. Д. |
| q | Полное имя | Довлатов Сергей Донатович | ||
| 700 | 12 | a | Автор | Зыков Л. А. |
| q | Полное имя | Зыков Леонид Александрович | ||
| 700 | 12 | a | Автор | Рильке Р. М. |
| q | Полное имя | Рильке Райнер Мария | ||
| 700 | 12 | a | Автор | Сент-Экзюпери А. де |
| q | Полное имя | Сент-Экзюпери Антуан де | ||
| 700 | 12 | a | Автор | Анисимов Е. В. |
| q | Полное имя | Анисимов Евгений Викторович | ||
| 700 | 12 | a | Автор | Нежный А. И. |
| q | Полное имя | Нежный Александр Иосифович | ||
| 700 | 12 | a | Автор | Плахов В. Д. |
| q | Полное имя | Плахов Владимир Дмитриевич | ||
| 700 | 12 | a | Автор | Грязневич В. П. |
| q | Полное имя | Грязневич Владимир Петрович | ||
| 700 | 12 | a | Автор | Иванов Вяч. Вс. |
| q | Полное имя | Иванов Вячеслав Всеволодович | ||
| 700 | 12 | a | Автор | Лурье С. А. |
| q | Полное имя | Лурье Самуил Аронович | ||
| 700 | 12 | a | Автор | Равинский Д. |
| q | Полное имя | Равинский Дмитрий | ||
| 700 | 12 | a | Автор | Зыков Л. |
| e | Роль лиц | автор публикации; автор подготовки текста; автор примечаний | ||
| 700 | 12 | a | Автор | Азадовский К. М. |
| e | Роль лиц | автор вступительной заметки; автор публикации; переводчик; автор примечаний | ||
| q | Полное имя | Азадовский Константин Маркович | ||
| 700 | 12 | a | Автор | Соловьев Д. В. |
| e | Роль лиц | автор предисловия; переводчик; автор комментариев | ||
| q | Полное имя | Соловьев Денис Вячеславович | ||
| 773 | 18 | w | Контрольный № источника | RU/IS/BASE/408119542 |
| 901 | t | Тип документа | s | |
| 952 | a | Тип литературы для КСУ ВШ | ЛХЖ |